| 000 | 00000nam##2200000za#4500 |
| 001 | 9.630589 |
| 003 | CaOODSP |
| 005 | 20210624213920 |
| 007 | cr ||||||||||| |
| 008 | 150407|2000||||xxc|||||o f|0| 0 fre|d |
| 020 | |a0-662-85687-2 |
| 040 | |aCaOODSP|bfre |
| 043 | |an-cn--- |
| 086 | 1 |aE2-256/2000F-IN |
| 110 | 1 |aCanada.|bAffaires étrangères et Commerce international. |bCentre canadien pour le développement de la politique étrangère. |
| 245 | 10|aCommerce international et diversité culturelle : |h[ressource électronique]|bla recherche d'un difficile équilibre / |cpar Ivan Bernier et Dave Atkinson. |
| 260 | |aOttawa - Ontario : |bAffaires étrangères et Commerce international. |c2000. |
| 300 | |a34p. |
| 590 | |a10-06-Supp|b2010-07-26 |
| 691 | 07|aCommerce extérieur|2gcpds |
| 691 | 07|aDiversité culturelle|2gcpds |
| 691 | 07|aPolitique étrangère|2gcpds |
| 720 | 1 |aBernier, Ivan |
| 720 | 1 |aAtkinson, Dave |
| 776 | 0#|tCommerce international et diversité culturelle : |w(CaOODSP)9.681464 |
| 856 | 40|ahttp://publications.gc.ca|qPDF|s491 Ko|uhttps://publications.gc.ca/collections/Collection/E2-256-2000F.pdf |
| 986 | |a6004.2F |